Ground water and well drilling / (Record no. 527192)

000 -LEADER
fixed length control field 00459nam a22001577a 4500
020 ## - INTERNATIONAL STANDARD BOOK NUMBER
International Standard Book Number 9788123924588
082 ## - DEWEY DECIMAL CLASSIFICATION NUMBER
Classification number 622.37
Author Mark KUM
100 ## - MAIN ENTRY--PERSONAL NAME
Personal name Kumar, Parveen
245 ## - TITLE STATEMENT
Title Ground water and well drilling /
Statement of responsibility, etc. Parveen Kumar
260 ## - PUBLICATION, DISTRIBUTION, ETC.
Place of publication, distribution, etc. India :
Name of publisher, distributor, etc. CBS Publishers & Distributors,
Date of publication, distribution, etc. 2018.
300 ## - PHYSICAL DESCRIPTION
Extent 331 p. ;
942 ## - ADDED ENTRY ELEMENTS (KOHA)
Source of classification or shelving scheme
Koha item type Book
650 ## - SUBJECT ADDED ENTRY--TOPICAL TERM
Topical term or geographic name entry element Ground water - Engineering
650 ## - SUBJECT ADDED ENTRY--TOPICAL TERM
-- 18332
Holdings
Withdrawn status Lost status Source of classification or shelving scheme Damaged status Not for loan Permanent Location Current Location Shelving location Date acquired Source of acquisition Cost, normal purchase price Full call number Barcode Date last seen Copy number Price effective from Koha item type
          NUST Baluchistan Campus (NBC) NUST Baluchistan Campus (NBC) Book Cart 07/23/2019 Purchased 0.00 622.37 KUM Q-190 07/23/2019 1 07/23/2019 Book
          NUST Baluchistan Campus (NBC) NUST Baluchistan Campus (NBC) Book Cart 07/23/2019 Purchased 0.00 622.37 KUM Q-191 07/23/2019 2 07/23/2019 Book
© 2023 Central Library, National University of Sciences and Technology. All Rights Reserved.